[Event "II Aberto Prof Joao Braga"]
[Site "Clube de Xadrez Sao Paulo"]
[Date "2014.12.13"]
[Round "4.5"]
[White "Brito, Luismar"]
[Black "Ueti, Silvio Shigueo"]
[Result "1-0"]
[WhiteElo "2251"]
[BlackElo "2147"]
[PlyCount "91"]
[EventDate "2014.12.12"]

1. e4 c5 2. Nf3 e6 3. d4 cxd4 4. Nxd4 a6 5. Bd3 Bc5 6. Nb3 Be7 7. Be3 Nc6 8. f4
d6 9. Qf3 Nf6 10. Nc3 Qc7 11. g4 b5 12. g5 Nd7 13. h4 Nb6 14. a4 b4 15. Ne2 d5
16. Bxb6 Qxb6 17. a5 Qd8 18. e5 Qc7 19. Qe3 h6 20. Rh3 Bb7 21. g6 O-O-O 22.
Ned4 Nxd4 23. Qxd4 f6 24. c3 fxe5 25. fxe5 bxc3 26. Rc1 Kd7 27. Rxc3 Bc6 28.
Nc5+ Bxc5 29. Rxc5 Qb7 30. Bc2 Bb5 31. Rf3 Rhf8 32. Rcc3 Qb8 33. Kd2 Rxf3 34.
Rxf3 Rf8 35. Rxf8 Qxf8 36. Qa7+ Kc6 37. Qb6+ Kd7 38. Qb7+ Ke8 39. Qb8+ Ke7 40.
Qd6+ Ke8 41. Qxe6+ Qe7 42. Qg8+ Qf8 43. Qxf8+ Kxf8 44. Kc3 Ke7 45. Bf5 Kd8 46.
Bd3 1-0

[Event "II Aberto Prof Joao Braga"]
[Site "Clube de Xadrez Sao Paulo"]
[Date "2014.12.13"]
[Round "4.6"]
[White "D'israel, Davy"]
[Black "Oliveira, Jonathan De"]
[Result "1/2-1/2"]
[WhiteElo "2206"]
[BlackElo "2105"]
[PlyCount "76"]
[EventDate "2014.12.12"]

1. d4 Nf6 2. c4 e6 3. g3 d5 4. Bg2 Be7 5. Nf3 O-O 6. O-O b6 7. Ne5 Bb7 8. Nc3
c6 9. Bf4 Nbd7 10. cxd5 cxd5 11. Qa4 Nxe5 12. Bxe5 a6 13. Qb3 b5 14. a4 b4 15.
a5 Nd7 16. Bf4 Bc6 17. Nb1 Bb5 18. Re1 Nb8 19. Bxb8 Rxb8 20. Nd2 Qd6 21. e3
Rfc8 22. Bf1 Bd8 23. Qd1 Bxf1 24. Rxf1 Qc7 25. Nb3 Qc2 26. Rb1 g6 27. Re1 Rc4
28. Re2 Qxd1+ 29. Rxd1 Rbc8 30. Kg2 Rc2 31. Kf3 g5 32. Rdd2 R2c4 33. Re1 f5 34.
Ra1 Be7 35. Ke2 Kf7 36. Kd3 Kf6 37. f4 Kg6 38. Rf2 h5 1/2-1/2

[Event "II Aberto Prof Joao Braga"]
[Site "Clube de Xadrez Sao Paulo"]
[Date "2014.12.13"]
[Round "4.7"]
[White "Sztokbant, Bernardo Vainzoff"]
[Black "Andreeva, Elena"]
[Result "1/2-1/2"]
[WhiteElo "2297"]
[BlackElo "1935"]
[PlyCount "252"]
[EventDate "2014.12.12"]

1. e4 c5 2. Nf3 d6 3. d4 cxd4 4. Nxd4 Nf6 5. Nc3 g6 6. Be2 Bg7 7. O-O O-O 8.
Bg5 Nc6 9. Nb3 Bd7 10. Re1 Rc8 11. Bf1 Ne5 12. Nd5 Nxd5 13. exd5 h6 14. Bh4 g5
15. Bg3 Bf5 16. Nd4 Bg6 17. c3 Qb6 18. Qb3 Qxb3 19. axb3 a6 20. b4 Bf6 21. Bxe5
Bxe5 22. Nf3 Bf6 23. h3 Ra8 24. Ra2 Rfc8 25. Nd2 Kf8 26. Rea1 Rab8 27. Ra5 Bf5
28. Be2 Rc7 29. R1a2 Be5 30. Nc4 Bg7 31. Nb6 Be5 32. Bg4 Bxg4 33. hxg4 Kg7 34.
g3 Kg6 35. b5 h5 36. gxh5+ Kxh5 37. bxa6 bxa6 38. Rxa6 Rcb7 39. Nc4 Bf6 40.
R2a4 Kg6 41. Kg2 Rb3 42. Ra8 Rxa8 43. Rxa8 Rb5 44. Ra5 Rb7 45. Kf3 Kh5 46. g4+
Kg6 47. Ke4 Rb8 48. Ra3 Rh8 49. Ne3 Rh2 50. Kf3 Rh1 51. Rb3 Rb1 52. Nc4 Rd1 53.
Rb5 Rb1 54. Nd2 Rd1 55. Ne4 Be5 56. Rb7 Rd3+ 57. Ke2 Rxd5 58. Rxe7 Rb5 59. b4
Bf4 60. Rd7 Rb6 61. Kd3 f5 62. gxf5+ Kxf5 63. f3 Be5 64. Rf7+ Kg6 65. Rd7 Kf5
66. Rf7+ Kg6 67. Rf8 Bf4 68. Kc4 Kg7 69. Rf5 Kg6 70. Rf8 Kg7 71. Rf5 Kg6 72.
Ra5 Be5 73. Ra8 Rb7 74. Kd5 Bxc3 75. Nxc3 Rxb4 76. Ne4 Rb5+ 77. Kxd6 Rf5 78.
Ra3 g4 79. fxg4 Rf4 80. Ke5 Rxg4 81. Ra6+ Kf7 82. Kf5 Rg1 83. Ra7+ Ke8 84. Ke6
Kd8 85. Rd7+ Kc8 86. Nd6+ Kb8 87. Rb7+ Ka8 88. Rb4 Ka7 89. Kd5 Rc1 90. Nc4 Rh1
91. Kc6 Rh2 92. Rb7+ Ka6 93. Rb6+ Ka7 94. Rb3 Rh1 95. Rc3 Rh2 96. Rc1 Rh3 97.
Ne5 Rh6+ 98. Kc7 Ka6 99. Rb1 Ka5 100. Nc6+ Ka4 101. Kb6 Rg6 102. Kc5 Rg5+ 103.
Kc4 Rg4+ 104. Nd4 Ka5 105. Rb2 Rh4 106. Rb5+ Ka6 107. Rb8 Ka7 108. Rb4 Ka6 109.
Kc5 Rh5+ 110. Kd6 Rh6+ 111. Ne6 Ka5 112. Rb1 Ka4 113. Kd5 Rh5+ 114. Kc4 Rh4+
115. Nd4 Ka5 116. Rg1 Kb6 117. Rg6+ Kc7 118. Rg5 Kd6 119. Rd5+ Ke7 120. Kc5 Rh1
121. Re5+ Kf6 122. Kd5 Rd1 123. Rf5+ Kg6 124. Rf2 Kg5 125. Ke5 Re1+ 126. Ne2
Kg6 1/2-1/2

[Event "II Aberto Prof Joao Braga"]
[Site "Clube de Xadrez Sao Paulo"]
[Date "2014.12.13"]
[Round "4.8"]
[White "Souza Neves, Andrey M"]
[Black "Aoyama, Edmundo"]
[Result "1-0"]
[WhiteElo "2147"]
[BlackElo "1861"]
[PlyCount "121"]
[EventDate "2014.12.12"]

1. d4 Nf6 2. Bf4 g6 3. e3 Bg7 4. Nf3 d6 5. h3 Nbd7 6. Be2 c5 7. c3 O-O 8. Nbd2
a6 9. a4 b6 10. O-O Bb7 11. Bh2 Ne8 12. Nc4 Nc7 13. Qc2 Rb8 14. e4 b5 15. axb5
axb5 16. Ne3 Ra8 17. Rad1 Qc8 18. e5 dxe5 19. Nxe5 Nxe5 20. dxe5 Bc6 21. f4 Qb7
22. Bf3 Rad8 23. Rxd8 Rxd8 24. Bxc6 Qxc6 25. f5 gxf5 26. Nxf5 Qe6 27. Qf2 c4
28. Qg3 Ne8 29. Qg5 f6 30. exf6 exf6 31. Qg4 Qd7 32. Bf4 Kh8 33. Re1 Bf8 34.
Qh5 Ng7 35. Nxg7 Kxg7 36. Qh6+ Kg8 37. Qxf6 Bg7 38. Qb6 Bf8 39. Kh2 Re8 40.
Rxe8 Qxe8 41. Qd4 Qe6 42. Qe3 Qxe3 43. Bxe3 b4 44. cxb4 Bxb4 45. Bd4 Kf7 46.
Kg3 Ke6 47. Kf4 Bd2+ 48. Ke4 Kd6 49. Bc3 Bg5 50. Kd4 Kc6 51. Kxc4 Be7 52. g4
Bg5 53. Be5 Be7 54. Bf4 Bf6 55. b3 Bh4 56. Be5 Be7 57. Bc3 Bg5 58. b4 Bh4 59.
b5+ Kb7 60. Bd4 Bg5 61. Kd5 1-0

[Event "II Aberto Prof Joao Braga"]
[Site "Clube de Xadrez Sao Paulo"]
[Date "2014.12.13"]
[Round "4.9"]
[White "Brandao, Renan Alves"]
[Black "Dias, Joao Batista"]
[Result "1-0"]
[WhiteElo "2067"]
[BlackElo "1838"]
[PlyCount "61"]
[EventDate "2014.12.12"]

1. d4 d5 2. Nf3 Nf6 3. Bf4 e6 4. e3 Nbd7 5. Nbd2 Bd6 6. Ne5 Nf8 7. Bd3 Ng6 8.
Bg3 c5 9. Bb5+ Kf8 10. h4 c4 11. c3 a6 12. Ba4 b5 13. Bc2 b4 14. h5 Ne7 15. h6
g6 16. Bh4 Bxe5 17. dxe5 Nd7 18. cxb4 Qc7 19. f4 Nf5 20. Bxf5 gxf5 21. Nf3 Rg8
22. Ng5 Rh8 23. Qh5 Nb6 24. O-O Ra7 25. Rf3 c3 26. bxc3 Qxc3 27. Raf1 Nc4 28.
Rg3 Nd2 29. Nxh7+ Rxh7 30. Qg5 Ke8 31. Qd8# 1-0

[Event "II Aberto Prof Joao Braga"]
[Site "Clube de Xadrez Sao Paulo"]
[Date "2014.12.13"]
[Round "4.10"]
[White "Pritsopoulos, Constantino"]
[Black "Nunes, Allan Hurba"]
[Result "1/2-1/2"]
[WhiteElo "1870"]
[BlackElo "1968"]
[PlyCount "84"]
[EventDate "2014.12.12"]

1. e4 e6 2. d4 d5 3. Nd2 Nf6 4. e5 Nfd7 5. f4 c5 6. c3 Nc6 7. Ndf3 cxd4 8. cxd4
Qb6 9. Ne2 f6 10. a3 Be7 11. Nc3 O-O 12. Be3 a6 13. Qd2 Na5 14. Rd1 Qc7 15. Bd3
Nc4 16. Bxc4 Qxc4 17. Qe2 Nb6 18. Qxc4 Nxc4 19. Bc1 b5 20. O-O Bd7 21. exf6
Bxf6 22. Ne5 Nxe5 23. fxe5 Be7 24. Rxf8+ Kxf8 25. Be3 a5 26. Ra1 Rc8 27. Rc1 b4
28. Nb1 Rxc1+ 29. Bxc1 Ba4 30. Nd2 bxa3 31. bxa3 Ke8 32. Nb1 Bh4 33. Bd2 Bc2
34. Nc3 Be7 35. Bc1 Bd3 36. Kf2 Bh4+ 37. g3 Be7 38. Ke1 Kf7 39. Kf2 Kg6 40. Ne2
Bxe2 41. Kxe2 h5 42. h3 Bg5 1/2-1/2

[Event "II Aberto Prof Joao Braga"]
[Site "Clube de Xadrez Sao Paulo"]
[Date "2014.12.13"]
[Round "4.11"]
[White "Dornelles, Marcio Neron Camarg"]
[Black "Vieira, Alexandre Letizio"]
[Result "1/2-1/2"]
[WhiteElo "1966"]
[BlackElo "1818"]
[PlyCount "60"]
[EventDate "2014.12.12"]

1. d4 Nf6 2. c4 g6 3. Nc3 Bg7 4. e4 d6 5. Bd3 O-O 6. Nge2 Nc6 7. d5 Ne5 8. O-O
c6 9. h3 cxd5 10. cxd5 a6 11. Be3 Bd7 12. f4 Nxd3 13. Qxd3 b5 14. Nd4 b4 15.
Nce2 a5 16. Rac1 Rc8 17. Nc6 Bxc6 18. dxc6 e5 19. Rfd1 Qc7 20. Ng3 Rfd8 21. Qb5
Rb8 22. Qa6 Bh6 23. Qa7 Ne8 24. fxe5 dxe5 25. Rxd8 Rxd8 26. Qc5 Bxe3+ 27. Qxe3
Ng7 28. a3 Ne6 29. axb4 axb4 30. Ne2 Rd6 1/2-1/2

[Event "II Aberto Prof Joao Braga"]
[Site "Clube de Xadrez Sao Paulo"]
[Date "2014.12.13"]
[Round "4.12"]
[White "Costa, Giovanni"]
[Black "Bastos Seixas, Pedro Lucas"]
[Result "0-1"]
[WhiteElo "1855"]
[BlackElo "1965"]
[PlyCount "76"]
[EventDate "2014.12.12"]

1. d4 c5 2. Nf3 cxd4 3. Nxd4 g6 4. e4 Bg7 5. c3 Nc6 6. Be3 Nf6 7. f3 O-O 8. Be2
d5 9. exd5 Nxd5 10. Nxc6 bxc6 11. Bc1 Qb6 12. Qb3 Bf5 13. Qxb6 axb6 14. a3 Rfd8
15. O-O e5 16. c4 Nf4 17. Bxf4 exf4 18. Nc3 Rd2 19. Bd1 Rxb2 20. Na4 Rd2 21.
Rc1 Rxd1 22. Rfxd1 Rxa4 23. Rd8+ Bf8 24. Rb8 Kg7 25. Kh1 Bc5 26. Rb7 Rxa3 27.
Rc7 h5 28. Rxc6 h4 29. h3 Be6 30. Rb1 Rc3 31. Rcxb6 Bxb6 32. Rxb6 Rxc4 33. Rb2
Ra4 34. Rb1 Ra2 35. Kg1 Rd2 36. Rb4 g5 37. Rb5 Rd1+ 38. Kf2 Rf1+ 0-1

[Event "II Aberto Prof Joao Braga"]
[Site "Clube de Xadrez Sao Paulo"]
[Date "2014.12.13"]
[Round "4.13"]
[White "Desideri, Ricardo Maruchi"]
[Black "Farias, Sergio Luiz Cardoso"]
[Result "1-0"]
[WhiteElo "1954"]
[BlackElo "1574"]
[PlyCount "49"]
[EventDate "2014.12.12"]

1. e4 e5 2. f4 d5 3. exd5 Nf6 4. fxe5 Ne4 5. Nf3 Bg4 6. d3 Nc5 7. Nc3 Be7 8.
Be2 Bxf3 9. Bxf3 Bh4+ 10. g3 Be7 11. O-O O-O 12. d4 Nca6 13. d6 cxd6 14. Bxb7
dxe5 15. Bxa8 exd4 16. Ne2 Bc5 17. Kh1 Nd7 18. Bg2 Nf6 19. Bg5 Nc7 20. Bxf6
gxf6 21. Nf4 f5 22. Qh5 Qf6 23. Nd3 Ne6 24. Nxc5 Nxc5 25. Rxf5 1-0

[Event "II Aberto Prof Joao Braga"]
[Site "Clube de Xadrez Sao Paulo"]
[Date "2014.12.13"]
[Round "4.15"]
[White "Nunes, Adilson"]
[Black "Noseda, Francesco"]
[Result "0-1"]
[WhiteElo "1713"]
[BlackElo "1968"]
[PlyCount "56"]
[EventDate "2014.12.12"]

1. d4 Nf6 2. Nf3 d5 3. e3 c5 4. c3 e6 5. Bd3 Nc6 6. O-O Bd6 7. Nbd2 O-O 8. Re1
Qc7 9. e4 cxd4 10. cxd4 dxe4 11. Nxe4 Nxe4 12. Bxe4 g6 13. Bh6 Re8 14. Rc1 Bd7
15. Ne5 f5 16. Bf3 Rac8 17. Qd2 Qd8 18. Nxd7 Bb4 19. Qg5 Qxd7 20. Red1 Nxd4 21.
Qf6 Nxf3+ 22. gxf3 Rxc1 23. Rxc1 Bf8 24. Bf4 Bg7 25. Qh4 e5 26. Bg5 e4 27. Be3
Bxb2 28. Rb1 Bd4 0-1

[Event "II Aberto Prof Joao Braga"]
[Site "Clube de Xadrez Sao Paulo"]
[Date "2014.12.13"]
[Round "4.16"]
[White "Dinegri, Rodrigo"]
[Black "Araujo, Renan Aparecido"]
[Result "0-1"]
[WhiteElo "1652"]
[BlackElo "1966"]
[PlyCount "94"]
[EventDate "2014.12.12"]

1. d4 Nf6 2. Nf3 e6 3. Bg5 d5 4. c4 Be7 5. Nc3 O-O 6. e3 b6 7. cxd5 Nxd5 8.
Nxd5 exd5 9. Bxe7 Qxe7 10. Bd3 Qb4+ 11. Qd2 Qxd2+ 12. Kxd2 c5 13. b3 Ba6 14.
Rhc1 Bxd3 15. Kxd3 Nd7 16. a4 Rfc8 17. g4 a6 18. g5 Rab8 19. Nd2 f6 20. gxf6
gxf6 21. Rg1+ Kf7 22. Rg3 Rg8 23. Rag1 Rg6 24. h4 Rbg8 25. e4 Ke6 26. dxc5
Nxc5+ 27. Kd4 Rxg3 28. exd5+ Kf5 29. Rxg3 Rd8 30. Nc4 Ne6+ 31. Kc3 Rxd5 32.
Nxb6 Rd4 33. Rh3 Rf4 34. b4 Nd4 35. Kc4 Nc2+ 36. Kc5 Nxb4 37. a5 Nc2 38. Rh2
Ne1 39. h5 Nd3+ 40. Kd5 Nxf2 41. Na8 Kg4 42. Nc7 Kg3 43. Rxf2 Rxf2 44. Nxa6
Rf5+ 45. Ke6 Rxa5 46. Nc7 f5 47. Kf6 f4 0-1

[Event "II Aberto Prof Joao Braga"]
[Site "Clube de Xadrez Sao Paulo"]
[Date "2014.12.13"]
[Round "4.17"]
[White "Capelo, Martinho Figueira"]
[Black "Serafim Junior, Arnor"]
[Result "1/2-1/2"]
[WhiteElo "1902"]
[BlackElo "1832"]
[PlyCount "97"]
[EventDate "2014.12.12"]

1. d4 Nf6 2. Nf3 g6 3. Bf4 Bg7 4. e3 d6 5. Bc4 O-O 6. Nbd2 b6 7. Qe2 a5 8. O-O
Ba6 9. h3 Nfd7 10. Bxa6 Nxa6 11. Rfd1 Qe8 12. h4 e5 13. dxe5 dxe5 14. Bg3 Nac5
15. e4 Ne6 16. Qb5 Ndc5 17. Qxe8 Rfxe8 18. Bxe5 Bxe5 19. Nxe5 Nd4 20. Ng4 Kg7
21. c3 Ne2+ 22. Kf1 Nf4 23. f3 Ncd3 24. b3 b5 25. Nf2 Rad8 26. g4 Nb2 27. Ke1
Nxd1 28. Nxd1 Rd6 29. Ne3 Red8 30. Ndf1 Ne6 31. h5 Nf4 32. Kf2 Rd3 33. c4 bxc4
34. hxg6 hxg6 35. Nxc4 a4 36. bxa4 R3d4 37. Nfe3 Ra8 38. a5 Nd3+ 39. Kg3 Nc5
40. Rb1 Ra7 41. Rb5 Nb7 42. Ne5 Nxa5 43. Rc5 Rd2 44. Nd5 Rxa2 45. Nxc7 Nb3 46.
Ne8+ Kf8 47. Rc8 Ra8 48. Rxa8 Rxa8 49. Nf6 1/2-1/2

[Event "II Aberto Prof Joao Braga"]
[Site "Clube de Xadrez Sao Paulo"]
[Date "2014.12.13"]
[Round "4.18"]
[White "Mendes, Rodrigo Machado"]
[Black "Yoshioka, Andre"]
[Result "0-1"]
[WhiteElo "1896"]
[BlackElo "1685"]
[PlyCount "152"]
[EventDate "2014.12.12"]

1. e4 e5 2. Nf3 Nf6 3. Nc3 Nc6 4. d3 Bb4 5. a3 Bxc3+ 6. bxc3 d5 7. exd5 Nxd5 8.
Bd2 O-O 9. Be2 Re8 10. O-O h6 11. Re1 Bg4 12. h3 Bh5 13. Rb1 Rb8 14. Qc1 a6 15.
c4 Nf6 16. g4 Bg6 17. Nh4 Bh7 18. Ng2 Nd4 19. Bd1 Nd7 20. Re3 e4 21. Rg3 exd3
22. cxd3 Nc5 23. g5 Nxd3 24. Qc3 hxg5 25. Bxg5 f6 26. Bh6 Re7 27. Kh2 Ne5 28.
Rb2 Nf5 29. Rd2 Qe8 30. Bf4 Nxg3 31. Bxg3 Rd8 32. Rd5 Be4 33. Rxd8 Qxd8 34. Be2
Bxg2 35. Kxg2 c6 36. h4 Qd7 37. h5 Qf5 38. c5 Qe4+ 39. Bf3 Nxf3 40. Qxf3 Qxf3+
41. Kxf3 Kf7 42. a4 g6 43. hxg6+ Kxg6 44. a5 Kf5 45. Bd6 Re4 46. Kg3 Rb4 47.
Bc7 Ke4 48. f3+ Kf5 49. Bd8 Rb5 50. Bb6 Kg5 51. Kf2 f5 52. Bd8+ Kg6 53. Bb6 f4
54. Ke2 Kf5 55. Kf2 Rxb6 56. cxb6 Ke5 57. Ke2 Kd4 58. Kd2 c5 59. Kc2 Ke3 60.
Kc3 Kxf3 61. Kc4 Ke4 62. Kxc5 Ke5 63. Kc4 Kd6 64. Kd4 Kc6 65. Ke4 Kb5 66. Kxf4
Kxa5 67. Ke4 Kxb6 68. Kd4 Kb5 69. Kc3 Ka4 70. Kb2 b5 71. Ka2 b4 72. Kb2 b3 73.
Kb1 Ka3 74. Ka1 b2+ 75. Kb1 a5 76. Kc2 Ka2 0-1

[Event "II Aberto Prof Joao Braga"]
[Site "Clube de Xadrez Sao Paulo"]
[Date "2014.12.13"]
[Round "4.20"]
[White "Nunes, Marcela Andreia Dias"]
[Black "Valente, Rodrigo De Deus"]
[Result "0-1"]
[WhiteElo "1483"]
[BlackElo "2043"]
[PlyCount "78"]
[EventDate "2014.12.12"]

1. d4 Nf6 2. c4 e6 3. Nc3 Bb4 4. e3 O-O 5. Nge2 d5 6. a3 Be7 7. cxd5 exd5 8.
Ng3 Ne4 9. Ngxe4 dxe4 10. Nxe4 Re8 11. Bd3 f5 12. Nc3 Bd6 13. O-O Nc6 14. b4 a6
15. Qc2 Qh4 16. g3 Qf6 17. Bb2 Bd7 18. b5 Ne7 19. bxa6 bxa6 20. Bc4+ Kh8 21.
Nd5 Nxd5 22. Bxd5 Rab8 23. Bc3 Qg5 24. Bg2 Re6 25. Bb4 Bb5 26. Rfc1 Bxb4 27.
axb4 c6 28. Bf1 Bxf1 29. Kxf1 f4 30. gxf4 Qh5 31. Rxa6 Qh3+ 32. Ke1 Rbe8 33.
Qd2 Qxh2 34. Kd1 Rg6 35. Kc2 Rg2 36. Rf1 Qh5 37. Rxc6 Qb5 38. Qc3 Qxf1 39. Rc8
Qxf2+ 0-1

[Event "II Aberto Prof Joao Braga"]
[Site "Clube de Xadrez Sao Paulo"]
[Date "2014.12.13"]
[Round "4.21"]
[White "Abdalla, Jose Lucas Aurelli"]
[Black "Brujin, Homero"]
[Result "1-0"]
[WhiteElo "2128"]
[BlackElo "1505"]
[PlyCount "47"]
[EventDate "2014.12.12"]

1. e4 d6 2. d4 g6 3. f4 Nf6 4. e5 dxe5 5. fxe5 Nd5 6. c4 Nb6 7. h3 Bg7 8. Nf3
Bf5 9. Nc3 c6 10. Bf4 Be6 11. b3 h6 12. Qd2 g5 13. Bg3 O-O 14. Bd3 Qd7 15. O-O
a5 16. Rad1 Rd8 17. Qe3 Qc7 18. Qe4 N8d7 19. d5 cxd5 20. cxd5 Qxc3 21. Qh7+ Kf8
22. dxe6 Nc5 23. exf7 Kxf7 24. Nxg5+ 1-0

[Event "II Aberto Prof Joao Braga"]
[Site "Clube de Xadrez Sao Paulo"]
[Date "2014.12.13"]
[Round "4.22"]
[White "Santos, Marcos Correia"]
[Black "Chagas, Humberto Luiz Cunha"]
[Result "0-1"]
[WhiteElo "1557"]
[BlackElo "1815"]
[PlyCount "152"]
[EventDate "2014.12.12"]

1. e4 e5 2. Nf3 Nf6 3. Nxe5 d6 4. Nf3 Nxe4 5. Nc3 Nxc3 6. dxc3 Nc6 7. Be3 Bg4
8. Be2 Be7 9. Qd2 Qd7 10. O-O-O O-O-O 11. h3 Bh5 12. Kb1 Kb8 13. Qd5 Bg6 14.
Bb5 a6 15. Bxc6 Qxc6 16. Qxc6 bxc6 17. Rd4 c5 18. Ra4 Kb7 19. Nd2 f5 20. Nc4
Be8 21. Na5+ Kb6 22. Ra3 g5 23. Nc4+ Ka7 24. f3 Bb5 25. Na5 d5 26. Nb3 Kb6 27.
Nc1 Rhe8 28. b4 d4 29. Bd2 dxc3 30. Be3 f4 31. bxc5+ Bxc5 32. Bxc5+ Kxc5 33.
Rxc3+ Kb6 34. Rb3 Ka7 35. Rc3 c6 36. h4 h6 37. hxg5 hxg5 38. Rh7+ Kb6 39. Rb3
Kc5 40. Rg7 Rg8 41. Re7 Rge8 42. Rg7 Re5 43. Rc3+ Kd6 44. Nd3 Rf5 45. Nb4 c5
46. Rg6+ Ke7 47. Nxa6 Kf7 48. Rb6 Bxa6 49. Rxa6 Rd2 50. Rd3 Rxg2 51. Rd7+ Kg8
52. Rg6+ Kf8 53. Rh6 Kg8 54. Rc6 g4 55. Rg6+ Kf8 56. Rxg4 Rxg4 57. fxg4 Rg5 58.
Rd1 Rxg4 59. Rf1 Ke7 60. Kb2 Kd6 61. Kb3 Rg3+ 62. Kc4 Ke5 63. a4 Ke4 64. c3 f3
65. a5 Ke3 66. a6 f2 67. Kb5 Rg1 68. a7 Rxf1 69. a8=Q Rb1+ 70. Kxc5 f1=Q 71.
Qe8+ Kd2 72. Qh8 Qf5+ 73. Kc6 Qe6+ 74. Kc5 Qb6+ 75. Kd5 Rb5+ 76. Ke4 Qe3# 0-1

[Event "II Aberto Prof Joao Braga"]
[Site "Clube de Xadrez Sao Paulo"]
[Date "2014.12.13"]
[Round "4.24"]
[White "Christen, Peter Walter"]
[Black "Nikolic, Jovane"]
[Result "1/2-1/2"]
[WhiteElo "1548"]
[BlackElo "1773"]
[PlyCount "61"]
[EventDate "2014.12.12"]

1. e4 e5 2. Nf3 Nc6 3. Bc4 Bc5 4. c3 Nf6 5. d3 h6 6. b4 Bb6 7. a4 a6 8. O-O O-O
9. Be3 Bxe3 10. fxe3 d6 11. h3 Qe7 12. Nbd2 Be6 13. Nh2 d5 14. exd5 Bxd5 15. e4
Bxc4 16. Nxc4 Rad8 17. Qe2 Nb8 18. Ne3 Qd7 19. Rad1 Nc6 20. Nf5 Ne7 21. Nxh6+
gxh6 22. Rxf6 Kg7 23. Qf3 Ng6 24. Ng4 h5 25. Ne3 Nf4 26. Rf5 f6 27. Rxh5 Nxh5
28. Qxh5 Rg8 29. Nf5+ Kf8 30. Qh6+ Ke8 31. Qxf6 1/2-1/2

[Event "II Aberto Prof Joao Braga"]
[Site "Clube de Xadrez Sao Paulo"]
[Date "2014.12.13"]
[Round "4.25"]
[White "De Oliveira, Francemir Barra"]
[Black "Yoshioka, Hugo"]
[Result "1-0"]
[WhiteElo "1751"]
[BlackElo "1500"]
[PlyCount "77"]
[EventDate "2014.12.12"]

1. e4 d5 2. e5 c5 3. f4 Nc6 4. Nf3 Bg4 5. Be2 e6 6. c3 Nge7 7. O-O Ng6 8. d3
Be7 9. h3 Bxf3 10. Rxf3 O-O 11. d4 cxd4 12. cxd4 Nh4 13. Rd3 Qb6 14. Kh1 Nf5
15. Nc3 a6 16. g4 Nh4 17. Na4 Qa7 18. Be3 Rfc8 19. a3 b5 20. Nc3 Rc7 21. Bf2
Rac8 22. Qe1 Ng6 23. Be3 Bh4 24. Qf1 Na5 25. f5 Ne7 26. Rad1 Nc4 27. Bc1 Nxa3
28. Nxd5 Nxd5 29. Rxa3 Qb6 30. Rf3 h6 31. Bd3 Nb4 32. Be4 Rd7 33. Be3 Qd8 34.
f6 Qf8 35. Qg2 g5 36. Bf2 Bxf2 37. Rxf2 Nd5 38. Bb1 Nf4 39. Rxf4 1-0

[Event "II Aberto Prof Joao Braga"]
[Site "Clube de Xadrez Sao Paulo"]
[Date "2014.12.13"]
[Round "4.26"]
[White "Alves, Sidney David"]
[Black "Teshima, Ricardo Yoshida"]
[Result "0-1"]
[WhiteElo "1501"]
[BlackElo "1730"]
[PlyCount "104"]
[EventDate "2014.12.12"]

1. d4 d5 2. Nf3 Nf6 3. c4 e6 4. g3 c6 5. Qc2 Be7 6. Bg2 Na6 7. a3 Bd7 8. O-O
Ne4 9. Nbd2 f5 10. Nxe4 fxe4 11. Ne1 Bf6 12. e3 c5 13. cxd5 exd5 14. f3 Bb5 15.
Rf2 cxd4 16. fxe4 dxe3 17. Bxe3 d4 18. Rd2 Qb6 19. Bf2 Nc5 20. Bxd4 Bxd4+ 21.
Rxd4 Nb3 22. Qxb3 Qxd4+ 23. Kh1 Qc4 24. Qf3 Qf7 25. Qf5 Qxf5 26. exf5 Bc6 27.
Nf3 Bxf3 28. Bxf3 O-O 29. g4 Rfd8 30. b4 Rd7 31. Kg2 Rad8 32. Kg3 b6 33. Be4
Kf7 34. g5 Rd1 35. Ra2 R1d2 36. Rxd2 Rxd2 37. h4 Rd4 38. Kf4 a5 39. Ke5 Rd1 40.
b5 Ra1 41. Bd5+ Kf8 42. a4 Rxa4 43. Kd6 Rxh4 44. Kc6 a4 45. Kxb6 a3 46. Kb7 Rd4
47. Kc6 Rxd5 48. Kxd5 a2 49. b6 a1=Q 50. b7 Qa7 51. Kc6 Qb8 52. Kb6 Ke7 0-1

[Event "II Aberto Prof Joao Braga"]
[Site "Clube de Xadrez Sao Paulo"]
[Date "2014.12.13"]
[Round "4.27"]
[White "Sangiovanni, Marcello Gouveia"]
[Black "Caporale, Giuseppe Guido"]
[Result "1/2-1/2"]
[WhiteElo "1494"]
[BlackElo "1718"]
[PlyCount "66"]
[EventDate "2014.12.12"]

1. d4 e6 2. Nf3 c5 3. c3 Nf6 4. Bf4 Nc6 5. e3 Be7 6. Bd3 Nh5 7. Bg3 Nxg3 8.
hxg3 cxd4 9. exd4 g6 10. Qd2 Bf8 11. Qe3 Bg7 12. Nbd2 d5 13. O-O-O Qc7 14. Kb1
Rb8 15. Bb5 a6 16. Bxc6+ bxc6 17. Nb3 a5 18. Nc5 Rb5 19. a4 Rb6 20. Rd2 Bf8 21.
Ng5 h6 22. Re2 Bxc5 23. dxc5 Rb8 24. Qd4 Rg8 25. Rxh6 Ba6 26. Nxe6 Qb7 27. Nc7+
Kd7 28. Nxa6 Qxa6 29. Qg4+ f5 30. Rh7+ Kc8 31. Qxg6 Rxb2+ 32. Kc1 Rc2+ 33. Kb1
Rb2+ 1/2-1/2

[Event "II Aberto Prof Joao Braga"]
[Site "Clube de Xadrez Sao Paulo"]
[Date "2014.12.13"]
[Round "4.28"]
[White "Camargo, Luca Oshiro"]
[Black "Hoshino, Karen"]
[Result "0-1"]
[WhiteElo "1488"]
[BlackElo "1712"]
[PlyCount "78"]
[EventDate "2014.12.12"]

1. e4 c5 2. d4 cxd4 3. c3 dxc3 4. Nxc3 e6 5. Nf3 a6 6. Bc4 b5 7. Bb3 Bb7 8. O-O
b4 9. Ne2 Bxe4 10. Ng3 Bb7 11. Re1 Be7 12. Nh5 Bf6 13. Bf4 Bxb2 14. Rb1 Bc3 15.
Re3 g6 16. Ng3 Bg7 17. Bd6 Nc6 18. Ba4 a5 19. a3 Nge7 20. Bxc6 Bxc6 21. axb4
Nd5 22. Ra3 Nc3 23. Rxc3 Bxc3 24. bxa5 Bxa5 25. Qd4 Rg8 26. Ne4 Bxe4 27. Qxe4
f5 28. Qe3 Bc7 29. Bc5 g5 30. Nd4 Kf7 31. Qh3 h6 32. Nxf5 exf5 33. Qxf5+ Qf6
34. Qxd7+ Kg6 35. Qxc7 Rgc8 36. Qb7 Rab8 37. Qe4+ Qf5 38. Qxf5+ Kxf5 39. Rc1
Rb5 0-1

[Event "II Aberto Prof Joao Braga"]
[Site "Clube de Xadrez Sao Paulo"]
[Date "2014.12.13"]
[Round "4.32"]
[White "Lukjanenko Callegari, Lucca"]
[Black "Silvestre, Gilmar Severino"]
[Result "0-1"]
[WhiteElo "1248"]
[BlackElo "1636"]
[PlyCount "118"]
[EventDate "2014.12.12"]

1. d4 Nf6 2. Bg5 e6 3. c4 d5 4. Nf3 Be7 5. g3 O-O 6. Bg2 c6 7. O-O Nbd7 8. Nc3
dxc4 9. e3 Nd5 10. Bxe7 Qxe7 11. Nxd5 cxd5 12. Ne5 b5 13. Nxd7 Bxd7 14. e4 dxe4
15. Bxe4 Rad8 16. Re1 Qf6 17. Qh5 g6 18. Qc5 a5 19. a4 bxa4 20. Qe5 Qxe5 21.
dxe5 Bb5 22. Bc2 Rd2 23. Bxa4 Rxb2 24. Bxb5 Rxb5 25. f4 Rc8 26. Re2 c3 27. Rc1
a4 28. Ra2 Rb4 29. Rcc2 Kf8 30. Ra3 Rbc4 31. Kf2 Ke7 32. Ke3 Ra8 33. Rcxc3
Rxc3+ 34. Rxc3 a3 35. Rc1 a2 36. Ra1 Kd7 37. g4 Kc6 38. h4 Ra3+ 39. Kd4 Ra4+
40. Kc3 Rxf4 41. Rxa2 Rxg4 42. Ra7 Rxh4 43. Rxf7 Kd5 44. Rc7 Kxe5 45. Rc5+ Kf6
46. Kd3 Rh3+ 47. Ke4 Rh4+ 48. Kf3 e5 49. Rc6+ Kf5 50. Rc2 h5 51. Rf2 Rf4+ 52.
Ke3 Rxf2 53. Kxf2 Kf4 54. Kg2 e4 55. Kf2 e3+ 56. Ke2 h4 57. Kf1 Kf3 58. Ke1 e2
59. Kd2 Kf2 0-1

[Event "II Aberto Prof Joao Braga"]
[Site "Clube de Xadrez Sao Paulo"]
[Date "2014.12.13"]
[Round "4.33"]
[White "Nunes, Guilherme Hurba"]
[Black "Felippe E Silva, Glenda"]
[Result "1-0"]
[WhiteElo "1817"]
[BlackElo "1325"]
[PlyCount "49"]
[EventDate "2014.12.12"]

1. d4 d5 2. Nf3 Nf6 3. e3 Bf5 4. Bd3 Bg6 5. O-O e6 6. b3 Bd6 7. Bb2 O-O 8. Ne5
Nbd7 9. c4 Bxd3 10. Qxd3 c6 11. Nd2 Rc8 12. Qe2 Qe7 13. f4 Ne4 14. Nxe4 dxe4
15. f5 Qg5 16. Nxd7 Rfd8 17. fxe6 fxe6 18. Ne5 Rf8 19. Rxf8+ Rxf8 20. Rf1 Rxf1+
21. Kxf1 Qh4 22. Qg4 Qxg4 23. Nxg4 g6 24. Nf6+ Kg7 25. Ne8+ 1-0